| 000 | 01045cam a2200277 a 4500 | ||
|---|---|---|---|
| 001 | 15345142 | ||
| 005 | 20170105102349.0 | ||
| 008 | 080626s2009 flua b 001 0 eng | ||
| 010 | _a 2008028901 | ||
| 020 | _a9781420048032 (alk. paper) | ||
| 020 | _a1420048031 (alk. paper) | ||
| 035 | _a(OCoLC)144216816 | ||
| 040 |
_aDLC _cDLC _dDLC |
||
| 082 | 0 | 0 |
_a620.5 _222 |
| 245 | 0 | 0 |
_aFundamentals of nanotechnology _cGabor L. Hornyak |
| 260 |
_aBoca Raton : _bCRC Press, _cc2009. |
||
| 300 |
_axxviii, 780 p. : _bill. (some col.) ; _c27 cm. |
||
| 504 | _aIncludes bibliographical references and index. | ||
| 650 | 0 | _aNanotechnology. | |
| 650 | 0 | _aNanostructured materials industry. | |
| 700 | 1 |
_aHornyak, Gabor L. _q(Gabor Louis) |
|
| 856 | 4 | 1 |
_3Table of contents only _uhttp://www.loc.gov/catdir/toc/ecip0822/2008028901.html |
| 906 |
_a7 _bcbc _corignew _d1 _eecip _f20 _gy-gencatlg |
||
| 942 |
_2ddc _cBK |
||
| 999 |
_c11835 _d11835 |
||